Les plus grandes villes d'Espagne - Statistiques

Statistiques générales
  • Ce quiz a été pris 365 fois
  • Le résultat moyen est 16 sur 35
Statistiques - réponses
Population Ville % Correct
1 615 908 Barcelone
100%
3 213 271 Madrid
100%
711 245 Séville
97%
807 231 Valence
95%
353 340 Bilbao
88%
566 144 Malaga
83%
236 988 Grenade
72%
697 842 Saragosse
71%
369 570 Palma de Majorque
63%
325 453 Cordoue
61%
430 741 Murcie
61%
197 275 Pampelune
61%
331 750 Alicante
59%
318 461 Valladolid
59%
245 164 La Corogne
56%
381 123 Las Palmas de Gran Canaria
54%
183 542 Santander
48%
295 703 Vigo
48%
194 791 Saint-Sébastien
46%
275 699 Gijón
41%
220 644 Oviedo
39%
187 251 Almería
31%
221 956 Santa Cruz de Tenerife
21%
210 376 Carthagène
20%
205 364 Jerez de la Frontera
20%
228 348 Elche
19%
232 477 Vitoria-Gasteiz
19%
253 782 L'Hospitalet de Llobregat
15%
184 209 Leganés
13%
215 329 Badalona
11%
203 969 Sabadell
11%
203 645 Alcalá de Henares
8%
206 554 Terrassa
8%
206 751 Móstoles
7%
194 791 Fuenlabrada
6%
Aucun quiz correspondant
Distribution des résultats
% des personnes avec chaque résultat
Percentile par nombre de réponses
Votre historique - résultats
Vous n’avez pas pris ce quiz